[Event "e2e4 Diamond Jubilee Premier"]
[Site "London ENG"]
[Date "2012.06.04"]
[Round "4.18"]
[White "Sarakauskas, Gediminas"]
[Black "Murphy, Conor E"]
[Result "1-0"]
[WhiteTitle "IM"]
[WhiteElo "2403"]
[BlackElo "1954"]
[WhiteFideId "12800724"]
[BlackFideId "421669"]
[EventDate "2012.06.02"]

1. Nf3 d5 2. c4 e6 3. d4 c6 4. e3 Nf6 5. Nbd2 Nbd7 6. Bd3 Bd6 7. O-O O-O 8. Qc2
Qe7 9. e4 dxe4 10. Nxe4 Nxe4 11. Bxe4 h6 12. Re1 c5 13. b4 cxd4 14. c5 Bc7 15.
Nxd4 Nf6 16. Bf3 a5 17. b5 Nd7 18. c6 Nc5 19. Nf5 Qf6 20. Qxc5 b6 21. Ne7+ Kh8
22. Nd5 bxc5 23. Nxf6 gxf6 24. Bxh6 Rd8 25. Be3 Rb8 26. a4 Bb6 27. Red1 Rxd1+
28. Rxd1 e5 29. Bxc5 Be6 30. Bxb6 Rxb6 31. Rd8+ Kg7 32. c7 1-0

[Event "e2e4 Diamond Jubilee Premier"]
[Site "London ENG"]
[Date "2012.06.04"]
[Round "4.19"]
[White "Rudd, Jack"]
[Black "Pace, Colin"]
[Result "1-0"]
[WhiteTitle "IM"]
[BlackTitle "CM"]
[WhiteElo "2305"]
[BlackElo "2128"]
[WhiteFideId "405736"]
[BlackFideId "5600189"]
[EventDate "2012.06.02"]

1. e4 c5 2. Nf3 Nc6 3. d4 cxd4 4. Nxd4 g6 5. Nc3 Bg7 6. Be3 Nf6 7. Be2 O-O 8. f4
e5 9. Ndb5 exf4 10. Bxf4 Ne8 11. Bc4 a6 12. Nd6 Nxd6 13. Qxd6 Qa5 14. O-O Be5
15. Bxe5 Nxe5 16. Nd5 Nc6 17. Nf6+ Kg7 18. Nxh7 1-0

[Event "e2e4 Diamond Jubilee Premier"]
[Site "London ENG"]
[Date "2012.06.04"]
[Round "4.20"]
[White "Armstrong, Malcolm J"]
[Black "McMahon, Daire"]
[Result "1-0"]
[BlackTitle "FM"]
[WhiteElo "2040"]
[BlackElo "2229"]
[WhiteFideId "409049"]
[BlackFideId "2500477"]
[EventDate "2012.06.02"]

1. d4 Nf6 2. g3 e6 3. c4 d5 4. Nf3 c6 5. Qc2 Bd6 6. Bg2 O-O 7. O-O Nbd7 8. Nbd2
Qe7 9. e4 dxe4 10. Nxe4 Nxe4 11. Qxe4 e5 12. dxe5 Nxe5 13. Bf4 Ng6 14. Qxe7 Bxe7
15. Be3 Bf6 16. Bd4 Bxd4 17. Nxd4 Rd8 18. Rad1 Bg4 19. f3 Bd7 20. Rfe1 Re8 21.
f4 Bg4 22. Rxe8+ Rxe8 23. Rd2 Re1+ 24. Kf2 Rc1 25. h3 Bd1 26. Nf5 h6 27. Ne3 Bh5
28. g4 Bxg4 29. hxg4 Nxf4 30. b3 Nxg2 31. Kxg2 Ra1 32. Nf5 a5 33. Nd6 b6 34. Nc8
b5 35. Ne7+ 1-0

[Event "e2e4 Diamond Jubilee Premier"]
[Site "London ENG"]
[Date "2012.06.04"]
[Round "4.21"]
[White "Grigoryan, Meri"]
[Black "Sreeves, Clement"]
[Result "0-1"]
[WhiteTitle "WFM"]
[WhiteElo "2028"]
[BlackElo "2209"]
[WhiteFideId "13300571"]
[BlackFideId "2402564"]
[EventDate "2012.06.02"]

1. d4 f5 2. Nf3 Nf6 3. c4 e6 4. Bg5 Be7 5. Nc3 Ne4 6. Bxe7 Qxe7 7. Qc2 Nxc3 8.
Qxc3 b6 9. g3 Bb7 10. Bg2 d6 11. Rc1 Nd7 12. O-O O-O 13. Nd2 Bxg2 14. Kxg2 c5
15. e4 cxd4 16. Qxd4 Rad8 17. Rc3 f4 18. Ra3 Ne5 19. Nf3 Qc7 20. Rd1 h6 21. Rc1
Rf7 22. Rc2 Rdf8 23. Nxe5 dxe5 24. Qd1 Qc6 25. f3 Rd7 26. Rd3 Rxd3 27. Qxd3 Rc8
28. b4 Rc7 29. Qc3 Qa4 30. Rd2 Kh7 31. a3 Qb5 32. Rc2 Qa4 33. Rc1 Qd7 34. Rc2
Qd1 35. c5 bxc5 36. bxc5 Rd7 37. Rf2 fxg3 38. hxg3 Rb7 39. Qc2 Qa1 0-1

[Event "e2e4 Diamond Jubilee Premier"]
[Site "London ENG"]
[Date "2012.06.04"]
[Round "4.22"]
[White "Stewart, Ashley"]
[Black "Tozer, Philip A A"]
[Result "1-0"]
[WhiteElo "1994"]
[BlackElo "2199"]
[WhiteFideId "419001"]
[BlackFideId "419982"]
[EventDate "2012.06.02"]

1. c4 e5 2. g3 Nf6 3. Bg2 d5 4. cxd5 Nxd5 5. Nc3 Nb6 6. Nf3 Nc6 7. O-O Be7 8. a3
O-O 9. b4 Be6 10. d3 f6 11. Bb2 a5 12. b5 Nd4 13. Nxd4 exd4 14. Ne4 f5 15. Nd2
Bd5 16. Bxd5+ Qxd5 17. Qb3 Bf6 18. Rfc1 Rfe8 19. Kf1 Rad8 20. Rxc7 Na4 21. Rb1
Nc3 22. Bxc3 dxc3 23. Qxd5+ Rxd5 24. Nc4 c2 25. Rc1 Rxb5 26. Rxc2 Be5 27. Nxe5
Rexe5 28. Rd7 Rec5 29. Rxc5 Rxc5 30. Rxb7 Rc1+ 31. Kg2 Rc2 32. Rb5 a4 33. Rxf5
Rxe2 34. Rf4 Rd2 35. Rxa4 Rxd3 36. Ra7 Rb3 37. a4 Ra3 38. h4 h6 39. h5 Kf8 40.
a5 Kg8 41. f4 Kf8 42. Kh3 Kg8 43. Kg4 Kf8 44. a6 Kg8 45. Kh4 Ra4 46. Kh3 Ra5 47.
g4 Ra3+ 48. Kg2 Kf8 49. Ra8+ Kf7 50. a7 Ra1 51. Kf3 Ra4 52. Ke3 Ra1 53. Ke4 Ra4+
54. Ke5 Ra5+ 55. Kd6 Ra6+ 56. Kc5 Ra1 57. g5 1-0

[Event "e2e4 Diamond Jubilee Premier"]
[Site "London ENG"]
[Date "2012.06.04"]
[Round "4.23"]
[White "Foo, William J"]
[Black "Anderson, John"]
[Result "1-0"]
[WhiteElo "1959"]
[BlackElo "2195"]
[WhiteFideId "419753"]
[BlackFideId "405353"]
[EventDate "2012.06.02"]

1. e4 c5 2. Nf3 Nc6 3. d4 cxd4 4. Nxd4 Nf6 5. Nc3 d6 6. Be3 Ng4 7. Bb5 Nxe3 8.
fxe3 Bd7 9. O-O e6 10. Bxc6 bxc6 11. Qf3 Qf6 12. Qe2 Qg6 13. Qa6 d5 14. Nxc6 e5
15. exd5 Bc5 16. Qb7 Rc8 17. Nxe5 1-0

[Event "e2e4 Diamond Jubilee Premier"]
[Site "London ENG"]
[Date "2012.06.04"]
[Round "4.24"]
[White "Walton, Alan J"]
[Black "Lee, Kai Jie Edward"]
[Result "1-0"]
[WhiteTitle "CM"]
[WhiteElo "2179"]
[BlackElo "2102"]
[WhiteFideId "409898"]
[BlackFideId "5802920"]
[EventDate "2012.06.02"]

1. d4 d5 2. c4 c6 3. Nf3 Nf6 4. Nc3 e6 5. Bg5 Nbd7 6. e3 Qa5 7. cxd5 Nxd5 8. Rc1
Nxc3 9. bxc3 Qxa2 10. Bd3 Bd6 11. O-O Qa5 12. Qc2 h6 13. Bh4 O-O 14. e4 e5 15.
Bg3 Qc7 16. Nh4 Nb6 17. dxe5 Bxe5 18. f4 Bd6 19. c4 Rd8 20. Kh1 c5 21. e5 Be7
22. Nf3 Bg4 23. f5 Bxf3 24. Rxf3 Bg5 25. Rcf1 Rd4 26. e6 Qe7 27. Be5 Rxd3 28.
Rxd3 fxe6 29. Bd6 Qf7 30. Bxc5 Nd7 31. Bg1 exf5 32. Rd5 g6 33. Qd3 Nf8 34. Bc5
Ne6 35. Be3 Re8 36. Rd7 Re7 37. Rxe7 Qxe7 38. Bxa7 b5 39. Bb8 bxc4 40. Qxc4 Kf7
41. Re1 h5 42. Qd5 Qe8 43. Bd6 Qc8 44. Ra1 Kg7 45. h3 Kh6 46. Re1 Ng7 47. Be5
Ne6 48. Ra1 Nd8 49. Qg8 Be7 50. Qg7+ 1-0

[Event "e2e4 Diamond Jubilee Premier"]
[Site "London ENG"]
[Date "2012.06.04"]
[Round "4.25"]
[White "O'Donnell, Conor"]
[Black "Byron, Alan M"]
[Result "0-1"]
[WhiteElo "1860"]
[BlackElo "2179"]
[WhiteFideId "2504243"]
[BlackFideId "401773"]
[EventDate "2012.06.02"]

1. e4 e6 2. Nc3 d5 3. Nf3 Nf6 4. e5 Nfd7 5. d4 c5 6. dxc5 Bxc5 7. Bd3 Nc6 8. Qe2
a6 9. O-O Be7 10. Bf4 Nc5 11. Bg3 Bd7 12. Nd2 h5 13. h3 Nxd3 14. cxd3 Nd4 15.
Qd1 b5 16. Ne2 Nf5 17. Bh2 h4 18. Nb3 Qb6 19. Rc1 a5 20. Qd2 a4 21. Na1 b4 22.
b3 O-O 23. bxa4 Rxa4 24. Nb3 Bb5 25. Rc2 Qa6 26. Nec1 Rc8 27. Bf4 Rxc2 28. Qxc2
Qb6 29. Ne2 Ra8 30. Bd2 Qa6 31. Nbc1 Rc8 32. Qb1 Qa3 33. Nb3 Ra8 34. Nec1 Ba4
35. Ne2 Bxb3 36. axb3 Qa2 37. Qd1 Rc8 38. Nc1 Qb2 39. Bf4 Rc2 40. Qg4 Bc5 41.
Qf3 Nd4 42. Qg4 Rxc1 43. Bxc1 Ne2+ 44. Kh1 Nxc1 45. d4 Be7 46. f4 Ne2 47. Kh2
Ng3 48. Rf3 Qa1 49. Rxg3 hxg3+ 50. Qxg3 Qxd4 51. Qf3 Bc5 52. Qf1 Qf2 53. Qb5
Qxf4+ 54. Kh1 Bf2 55. Qf1 Bg3 56. Qa1 Qxe5 0-1

[Event "e2e4 Diamond Jubilee Premier"]
[Site "London ENG"]
[Date "2012.06.04"]
[Round "4.26"]
[White "Balaji, Ananthanarayanan"]
[Black "Burrows, Martin P"]
[Result "0-1"]
[WhiteElo "1834"]
[BlackElo "2134"]
[WhiteFideId "421197"]
[BlackFideId "409057"]
[EventDate "2012.06.02"]

1. e4 c5 2. Nc3 Nc6 3. g3 g6 4. Bg2 Bg7 5. d3 d6 6. Be3 Rb8 7. Qd2 e6 8. Nge2
Nd4 9. Nc1 b5 10. Nd1 b4 11. c3 bxc3 12. bxc3 Nc6 13. Ne2 Ba6 14. f4 Nge7 15.
O-O Qc7 16. g4 f5 17. Ng3 O-O 18. Nf2 Qa5 19. Rac1 Qa3 20. gxf5 exf5 21. Nd1 Rb6
22. exf5 Nxf5 23. Nxf5 Rxf5 24. Be4 Rf8 25. Rf3 Ne7 26. d4 d5 27. dxc5 dxe4 28.
cxb6 exf3 29. bxa7 Bc4 30. Rb1 Nc6 31. Rb7 Qxa2 32. Rb2 Qa4 33. Rb7 Qa2 34. Rb2
Qa6 35. Qd7 Bf7 36. Bc5 Re8 37. Bf2 Qc8 38. Qd3 Qg4+ 0-1

[Event "e2e4 Diamond Jubilee Premier"]
[Site "London ENG"]
[Date "2012.06.04"]
[Round "4.27"]
[White "Josse, Mark"]
[Black "Donovan, Nigel P"]
[Result "1-0"]
[WhiteElo "2131"]
[BlackElo "2033"]
[WhiteFideId "414476"]
[BlackFideId "403822"]
[EventDate "2012.06.02"]

1. e4 c5 2. Nc3 Nc6 3. Nf3 g6 4. d4 cxd4 5. Nxd4 Bg7 6. Be3 Nf6 7. Bc4 O-O 8.
Bb3 Qa5 9. O-O d6 10. h3 Qh5 11. Qd2 Nxd4 12. Bxd4 Qh4 13. f4 e5 14. Bf2 Qxf4
15. Qxd6 Nxe4 16. Nxe4 Qxe4 17. Rae1 Qc6 18. Qxc6 bxc6 19. Bc5 Rd8 20. Rxf7 Kh8
21. Ref1 Ba6 22. R1f2 e4 23. c3 Be5 24. Re7 Re8 25. Rxe5 Rxe5 26. Bd4 Re8 27.
Rf8+ 1-0

[Event "e2e4 Diamond Jubilee Premier"]
[Site "London ENG"]
[Date "2012.06.04"]
[Round "4.28"]
[White "Taylor, Adam C"]
[Black "Karayiannis, Costas"]
[Result "0-1"]
[WhiteElo "1948"]
[BlackElo "2167"]
[WhiteFideId "424668"]
[BlackFideId "405183"]
[EventDate "2012.06.02"]

1. c4 e5 2. Nc3 Nc6 3. Nf3 Nf6 4. d4 e4 5. Nd2 Bb4 6. a3 Bxc3 7. bxc3 O-O 8. g3
Re8 9. e3 d6 10. Bg2 Bf5 11. O-O Qd7 12. f3 g6 13. f4 Na5 14. Re1 c5 15. Bf1 h5
16. Nb3 Bg4 17. Be2 Bxe2 18. Rxe2 Qa4 19. Rb1 Rac8 20. Re1 Nxc4 21. Qe2 Nd5 22.
Qc2 cxd4 23. Nxd4 Qxc2 24. Nxc2 b6 25. Nd4 Nxc3 26. Rb3 Na4 27. Rb4 Nc3 28. Rb3
Nd5 29. Rd1 Rc5 30. a4 Rec8 31. Bd2 Nxd2 32. Rxd2 Rc3 33. Rxc3 Rxc3 34. Nb5 Rd3
35. Rxd3 exd3 36. Kf2 a6 37. Nxd6 f5 38. e4 Nc3 39. Ke3 Nxe4 40. Nc4 d2 41. Nb2
Kf7 42. h3 Ke6 43. g4 h4 44. gxf5+ gxf5 45. Ke2 Kd5 46. Nd3 Kd4 47. Nb4 Kc3 48.
Nd5+ Kc2 49. Nb4+ Kb3 50. Nxa6 Kxa4 51. Nc7 Kb3 52. Kd1 Kc4 53. Kc2 Kd4 54. Ne6+
Ke3 55. Nc7 Ke2 0-1

[Event "e2e4 Diamond Jubilee Premier"]
[Site "London ENG"]
[Date "2012.06.04"]
[Round "4.29"]
[White "Kahn, Tito"]
[Black "Shepherd, David"]
[Result "1/2-1/2"]
[WhiteElo "2085"]
[BlackElo "1934"]
[WhiteFideId "15600084"]
[BlackFideId "412023"]
[EventDate "2012.06.02"]

1. d4 e6 2. Nf3 Nf6 3. e3 c5 4. Bd3 Nc6 5. O-O Be7 6. b3 cxd4 7. exd4 Qc7 8. Bb2
Nb4 9. c4 Nxd3 10. Qxd3 d5 11. Nc3 O-O 12. Nb5 Qd8 13. Ne5 a6 14. Nc3 Ne8 15. a4
Nc7 16. c5 a5 17. f4 f6 18. Nf3 Na6 19. Qe2 b6 20. cxb6 Rb8 21. b7 Bxb7 22.
Qxe6+ Kh8 23. Nb5 Bb4 24. Rac1 1/2-1/2

[Event "e2e4 Diamond Jubilee Premier"]
[Site "London ENG"]
[Date "2012.06.04"]
[Round "4.30"]
[White "Kender, Robert"]
[Black "Humphreys, Jerry G"]
[Result "1/2-1/2"]
[WhiteElo "1946"]
[BlackElo "2080"]
[WhiteFideId "2064170"]
[BlackFideId "408158"]
[EventDate "2012.06.02"]

1. e4 c5 2. Nf3 e6 3. d4 cxd4 4. Nxd4 Nf6 5. Bd3 Nc6 6. Nxc6 bxc6 7. O-O Qc7 8.
c4 Be7 9. Nc3 Bb7 10. Re1 d6 11. Bf4 e5 12. Bg3 Rb8 13. b3 Qa5 14. Na4 O-O 15.
Qe2 Nd7 16. Rac1 Nc5 17. Nxc5 Qxc5 18. Kh1 Rfe8 19. Bb1 a5 20. Qd2 Rbd8 21. Qb2
Ba6 22. f3 Bg5 23. Rcd1 Be3 24. Bd3 Bd4 25. Qc2 Rb8 26. Re2 Rb7 27. Bf2 Bxf2 28.
Rxf2 a4 29. Rfd2 Reb8 30. Bf1 Rd7 31. bxa4 Rb4 32. Rb1 Rdb7 33. Rbd1 Rd7 34. Rb1
Rdb7 1/2-1/2

[Event "e2e4 Diamond Jubilee Premier"]
[Site "London ENG"]
[Date "2012.06.04"]
[Round "4.31"]
[White "Rizvi, Nasir"]
[Black "Taylor, Adam A"]
[Result "1-0"]
[WhiteElo "2074"]
[BlackElo "1869"]
[WhiteFideId "1800540"]
[BlackFideId "415790"]
[EventDate "2012.06.02"]

1. c4 c5 2. g3 e5 3. Bg2 Nc6 4. Nc3 Nge7 5. Nf3 d6 6. O-O g6 7. d3 Bg7 8. Rb1
O-O 9. a3 a5 10. Ne1 Rb8 11. Nc2 h6 12. b4 axb4 13. axb4 b6 14. bxc5 bxc5 15.
Rxb8 Nxb8 16. Bd2 f5 17. Qc1 f4 18. Qa3 h5 19. Qa8 Be6 20. Rb1 g5 21. Ne4 Nec6
22. Nxc5 dxc5 23. Bxc6 fxg3 24. hxg3 h4 25. Bd5 Bxd5 26. Qxd5+ Qxd5 27. cxd5 Bf6
28. Ne3 Nd7 29. Rb7 Rf7 30. Ng4 Bd8 31. Nh6+ 1-0

[Event "e2e4 Diamond Jubilee Premier"]
[Site "London ENG"]
[Date "2012.06.04"]
[Round "4.32"]
[White "Waterfield, John W"]
[Black "Dixit, Kumar"]
[Result "0-1"]
[WhiteElo "2009"]
[BlackElo "1858"]
[WhiteFideId "407143"]
[BlackFideId "421103"]
[EventDate "2012.06.02"]

1. e4 c6 2. d4 d5 3. exd5 cxd5 4. c4 Nf6 5. Nc3 Nc6 6. Nf3 Bg4 7. cxd5 Nxd5 8.
Qb3 Bxf3 9. gxf3 e6 10. Qxb7 Nxd4 11. Bb5+ Nxb5 12. Qc6+ Ke7 13. Qxb5 Qd7 14.
Nxd5+ Qxd5 15. Bg5+ f6 16. Qxd5 exd5 17. Be3 Ke6 18. O-O-O Rc8+ 19. Kb1 Bc5 20.
Rhe1 Bxe3 21. Rxe3+ Kd6 22. Rde1 Rc4 23. Re6+ Kc5 24. Rc1 Rc8 25. Rxc4+ Kxc4 26.
Re7 a5 27. Rxg7 Kd3 28. a3 d4 29. Rd7 a4 30. b4 axb3 31. Kb2 Rc2+ 32. Kxb3 Rxf2
33. a4 Rxf3 34. Kb4 Rf1 35. Kc5 0-1

[Event "e2e4 Diamond Jubilee Premier"]
[Site "London ENG"]
[Date "2012.06.04"]
[Round "4.33"]
[White "Neatherway, A Philip"]
[Black "Garnett, John S"]
[Result "0-1"]
[WhiteElo "1926"]
[BlackElo "2008"]
[WhiteFideId "418854"]
[BlackFideId "410829"]
[EventDate "2012.06.02"]

1. e4 c6 2. d4 d5 3. exd5 cxd5 4. c4 Nf6 5. Nc3 Nc6 6. Bg5 dxc4 7. d5 Na5 8.
Bxc4 Nxc4 9. Qa4+ Bd7 10. Qxc4 e6 11. Nf3 exd5 12. Bxf6 dxc4 13. Bxd8 Rxd8 14.
O-O-O f6 15. Rhe1+ Kf7 16. Re4 g6 17. Rxc4 Bh6+ 18. Kb1 Bf5+ 19. Ka1 Rxd1+ 20.
Nxd1 Rc8 21. Rxc8 Bxc8 22. Nc3 Bf8 23. a3 Bd7 24. b4 Bc6 25. Ne1 Bd6 26. g3 a5
27. Nd3 axb4 28. axb4 Ke6 29. b5 Bd5 30. Kb2 Be5 31. f4 Bd4 32. f5+ Kxf5 0-1

[Event "e2e4 Diamond Jubilee Premier"]
[Site "London ENG"]
[Date "2012.06.04"]
[Round "4.34"]
[White "Grattage, Matthew"]
[Black "McDonald, Ian"]
[Result "1-0"]
[WhiteElo "2002"]
[BlackElo "1840"]
[WhiteFideId "423750"]
[BlackFideId "2401541"]
[EventDate "2012.06.02"]

1. c4 e5 2. Nc3 Nf6 3. Nf3 Nc6 4. d4 exd4 5. Nxd4 Bc5 6. Be3 Ne5 7. Nd5 Nxc4 8.
Nb5 Nxe3 9. Nbxc7+ Kf8 10. fxe3 Nxd5 11. Nxd5 d6 12. Qd3 Be6 13. Nc3 Qb6 14. Qb5
Bxe3 15. Qxb6 axb6 16. g3 Bd4 17. Bg2 Bxc3+ 18. bxc3 Rxa2 19. Rxa2 Bxa2 20. Kd2
Ke7 21. Ra1 Bc4 22. Bxb7 Rb8 23. Ra7 Kf6 24. Bf3 b5 25. Rc7 Rb6 26. Ra7 Be6 27.
Ke3 b4 28. cxb4 Rxb4 29. Ra5 Rb3+ 30. Kf2 Rc3 31. Ra8 d5 32. Rd8 Rc7 33. Ke3 Ke5
34. Ra8 Rc3+ 35. Kd2 Rb3 36. Kc2 Rb5 37. Kd2 Rc5 38. Ra2 d4 39. Rb2 Ra5 40. Ke1
Bc4 41. Rb4 Rc5 42. Kd2 Be6 43. e3 dxe3+ 44. Kxe3 Bf5 45. Rb3 Be6 46. Ra3 Rb5
47. Bd1 Rb2 48. h4 Rb1 49. Bc2 Rb2 50. Ra5+ Bd5 51. Bd3 Rb3 52. Kd2 Rb4 53. Ke3
h6 54. Bf1 Rb3+ 55. Kd2 Rb2+ 56. Kc3 Rb3+ 57. Kc2 Rb6 58. Bc4 Rd6 59. Kd3 Ke6
60. Rxd5 Rxd5+ 61. Ke4 f5+ 62. Kf4 Kf6 63. Bxd5 g5+ 64. hxg5+ hxg5+ 65. Kf3 Ke5
66. Bb3 Kf6 67. Ke2 Ke5 68. Kd3 Kf6 69. Kd4 Kg6 70. Ke5 f4 71. g4 f3 72. Bc4 Kg7
73. Kf5 Kh6 74. Bf1 f2 75. Bg2 Kg7 76. Kxg5 Kh7 77. Kf6 Kg8 78. Kg6 Kh8 79. g5
Kg8 80. Kh6 Kh8 81. g6 f1=R 82. Bxf1 1-0

[Event "e2e4 Diamond Jubilee Premier"]
[Site "London ENG"]
[Date "2012.06.04"]
[Round "4.35"]
[White "Tarhon, Brian"]
[Black "Cafolla, Peter"]
[Result "0-1"]
[WhiteElo "1769"]
[BlackElo "1995"]
[WhiteFideId "423190"]
[BlackFideId "2500884"]
[EventDate "2012.06.02"]

1. e4 c5 2. Nf3 Nc6 3. d4 cxd4 4. Nxd4 Nf6 5. Nc3 e5 6. Ndb5 d6 7. Bg5 a6 8. Na3
b5 9. Nd5 Be7 10. Bxf6 Bxf6 11. c3 Ne7 12. c4 Nxd5 13. cxd5 Qa5+ 14. Qd2 Qxd2+
15. Kxd2 Bg5+ 16. Kd1 f5 17. f3 fxe4 18. fxe4 O-O 19. h4 Bxh4 20. Be2 Bg5 21.
Bf3 Bd7 22. Nc2 Rac8 23. Nb4 a5 24. Nd3 b4 25. Rf1 Rc7 26. Rf2 Rfc8 27. a4 Rc4
28. g3 b3 29. Ke1 Rd4 30. Rd1 Rxa4 31. Kf1 Bh3+ 32. Ke1 Bd7 33. Kf1 Rc2 34. Kg2
Rd4 35. Ne1 Rxd1 36. Bxd1 Bh3+ 37. Kxh3 Rxf2 38. Kg4 h6 39. Bxb3 Rxb2 40. Bc4
Rb4 41. Be2 Rb2 42. Bd3 Kf7 43. Nf3 a4 44. Nxg5+ hxg5 45. Kxg5 a3 46. Bc4 a2 0-1

[Event "e2e4 Diamond Jubilee Premier"]
[Site "London ENG"]
[Date "2012.06.04"]
[Round "4.36"]
[White "Pattni, Kishan"]
[Black "Olsson, Tomas"]
[Result "1/2-1/2"]
[WhiteElo "1736"]
[BlackElo "1992"]
[WhiteFideId "420751"]
[BlackFideId "1702696"]
[EventDate "2012.06.02"]

1. e4 e5 2. d3 Bc5 3. Nf3 d6 4. Be2 Nf6 5. Nc3 Nc6 6. Na4 Bb6 7. Nxb6 axb6 8.
O-O h6 9. h3 O-O 10. c4 Ne7 11. Nh2 Ng6 12. Be3 Be6 13. Ng4 Qe7 14. Qd2 Rfe8 15.
b4 Ra3 16. b5 Rea8 17. Nxf6+ Qxf6 18. Rfc1 Nh4 19. Bf1 Bxh3 20. f4 exf4 21. Bxf4
Bd7 22. d4 Ng6 23. Be3 Be6 24. Rc3 Rxc3 25. Qxc3 Qe7 26. a4 Bg4 27. Bd3 f5 28.
c5 dxc5 29. dxc5 bxc5 30. Bxc5 Qd7 31. Bc4+ Kh7 32. Bd5 c6 33. bxc6 bxc6 34.
exf5 Bxf5 35. Bf3 1/2-1/2

[Event "e2e4 Diamond Jubilee Premier"]
[Site "London ENG"]
[Date "2012.06.04"]
[Round "4.37"]
[White "Taylor, Dale C"]
[Black "Kalaiyalahan, Akshaya"]
[Result "1-0"]
[WhiteElo "1990"]
[BlackElo "1646"]
[WhiteFideId "416410"]
[BlackFideId "422894"]
[EventDate "2012.06.02"]

1. Nf3 Nf6 2. c4 g6 3. Nc3 Bg7 4. e4 d6 5. d4 O-O 6. Be2 e5 7. dxe5 dxe5 8. Qxd8
Rxd8 9. Bg5 Re8 10. Nd5 Nxd5 11. cxd5 c6 12. Bc4 cxd5 13. Bxd5 Nc6 14. h3 Be6
15. Bxe6 Rxe6 16. O-O-O Nd4 17. Kb1 h6 18. Be3 Rd8 19. Rd3 Red6 20. Rhd1 Kf8 21.
Nxd4 exd4 22. Bd2 Ke8 23. f4 Bf8 24. Bb4 R6d7 25. Bxf8 Kxf8 26. Rc1 Ke7 27. Rc4
Ke6 28. Kc2 Kf6 29. Kd2 Ke6 30. g3 Kf6 31. Rf3 Re8 32. Kd3 Red8 33. Rf2 Ke7 34.
Rfc2 Ke6 35. Rc7 Kf6 36. Rxd7 Rxd7 37. Rc4 Ke6 38. Rxd4 Rc7 39. Kd2 a6 40. a4
Kf6 41. Rd6+ Ke7 42. Rb6 Kf8 43. e5 Kg7 44. b3 h5 45. g4 hxg4 46. hxg4 Kf8 47.
Kd3 Ke7 48. Ke4 Rd7 49. f5 gxf5+ 50. Kxf5 Rc7 51. b4 Kf8 52. Kf6 Kg8 53. g5 Kh7
54. e6 fxe6 55. Rxe6 b5 56. axb5 axb5 57. Re7+ Rxe7 58. Kxe7 Kg6 59. Kd6 Kxg5
60. Kc5 Kf5 61. Kxb5 Ke5 62. Kc6 1-0

[Event "e2e4 Diamond Jubilee Premier"]
[Site "London ENG"]
[Date "2012.06.04"]
[Round "4.38"]
[White "Taylor, Robert Graham"]
[Black "Kuhendiran, Tharshan"]
[Result "1-0"]
[WhiteElo "1957"]
[BlackElo "1778"]
[WhiteFideId "1800841"]
[BlackFideId "423777"]
[EventDate "2012.06.02"]

1. d4 d5 2. c4 c6 3. e3 Nf6 4. Nc3 Bf5 5. Nf3 e6 6. Be2 Be7 7. O-O Nbd7 8. b3
O-O 9. Bb2 Rc8 10. Nd2 Bg6 11. f3 Nb6 12. c5 Nbd7 13. b4 a6 14. Nb3 Qc7 15. a4
Ra8 16. b5 axb5 17. axb5 Rfb8 18. b6 Qd8 19. Qd2 Rxa1 20. Rxa1 Ra8 21. Rxa8 Qxa8
22. Qc1 Ne8 23. Qa1 Qb8 24. Qa7 Qxa7 25. bxa7 Nc7 26. Na4 Bc2 27. Nb6 Bxb3 28.
Nxd7 Bd8 29. Nb6 g6 30. Bc3 Kf8 31. a8=Q Nxa8 32. Nxa8 Bg5 33. Kf2 Bd8 34. Nb6
Bxb6 35. cxb6 h5 36. Bb4+ Kg7 37. Ba6 bxa6 38. b7 g5 39. b8=Q Bc2 40. Qf8+ Kf6
41. Be7+ Kg6 42. Qg8+ Kh6 43. Bf8# 1-0

[Event "e2e4 Diamond Jubilee Premier"]
[Site "London ENG"]
[Date "2012.06.04"]
[Round "4.39"]
[White "Phillips, Owen S"]
[Black "Croad, Nicolas"]
[Result "0-1"]
[BlackTitle "FM"]
[WhiteElo "1959"]
[BlackElo "2334"]
[WhiteFideId "417882"]
[BlackFideId "4300793"]
[EventDate "2012.06.02"]

1. e4 c5 2. Nf3 d6 3. d4 cxd4 4. Qxd4 a6 5. c3 Nc6 6. Qd3 g6 7. Na3 Bg7 8. Be3
b5 9. Nc2 Bb7 10. Bd4 Nf6 11. Nd2 O-O 12. f3 Re8 13. g4 e5 14. Be3 d5 15. O-O-O
dxe4 16. Nxe4 Nxe4 17. Qxe4 Qc7 18. Qd3 Rad8 19. Qe2 Nd4 0-1

[Event "e2e4 Diamond Jubilee Premier"]
[Site "London ENG"]
[Date "2012.06.04"]
[Round "4.40"]
[White "Akhanov, Dauren"]
[Black "Matthew, Ian G"]
[Result "0-1"]
[WhiteElo "2149"]
[BlackElo "1930"]
[WhiteFideId "13704079"]
[BlackFideId "423165"]
[EventDate "2012.06.02"]

1. e4 c5 2. Nf3 e6 3. d4 cxd4 4. Nxd4 a6 5. Nc3 Qc7 6. g3 Nf6 7. Bg2 Bc5 8. O-O
Nc6 9. Nb3 Be7 10. a4 O-O 11. f4 d6 12. a5 b5 13. axb6 Qxb6+ 14. Kh1 Bb7 15. g4
d5 16. e5 Ne4 17. Nxe4 dxe4 18. Qe2 f5 19. exf6 Rxf6 20. g5 Rf7 21. Bxe4 Nd8 22.
Bxb7 Qxb7+ 23. Qg2 Bxg5 24. Nc5 Qxg2+ 25. Kxg2 Bf6 26. c3 a5 27. Be3 Nc6 28.
Nxe6 Rb7 29. Rf2 Re8 30. Nc5 Rb5 31. Kf3 Rxe3+ 32. Kxe3 Rxc5 33. Rd1 a4 34. Ke4
a3 35. bxa3 Rxc3 36. Rd3 Rc4+ 37. Kd5 Na5 38. Ke6 Nb7 39. Rb3 Re4+ 40. Kf5 Nd6+
41. Kg4 Ra4 42. Re2 Kf7 43. h4 h5+ 44. Kxh5 Rxf4 45. Rb4 g6+ 46. Kh6 Rf5 0-1

[Event "e2e4 Diamond Jubilee Premier"]
[Site "London ENG"]
[Date "2012.06.04"]
[Round "4.41"]
[White "Collins, Andrew"]
[Black "Fox, Anthony"]
[Result "0-1"]
[WhiteElo "1685"]
[BlackElo "2110"]
[WhiteFideId "425907"]
[BlackFideId "2500736"]
[EventDate "2012.06.02"]

1. e4 e5 2. Nf3 Nc6 3. Bb5 a6 4. Ba4 Nf6 5. O-O Be7 6. Re1 b5 7. Bb3 d6 8. c3
O-O 9. h3 Bb7 10. d4 Re8 11. Nbd2 Bf8 12. d5 Nb8 13. Nf1 Nbd7 14. Ng3 g6 15. Ng5
h6 16. Nf3 Nc5 17. Bc2 c6 18. b4 Ncd7 19. Bb3 cxd5 20. Bxd5 Nxd5 21. exd5 Nb6
22. Ne4 f5 23. Ng3 Bxd5 24. Be3 Bf7 25. Ne2 Nc4 26. Qc1 Kh7 27. a4 f4 28. Bd2 g5
29. g3 Qd7 30. Kh2 e4 31. Nxf4 exf3 0-1